Fisiología médica / (Registro nro. 412)
[ vista simple ]
| 000 -LEADER | |
|---|---|
| fixed length control field | 01016 am a2200301 a 4500 |
| 005 - FECHA ULTIMA MODIFICACION | |
| control field | 20231226124506.0 |
| 008 - CAMPO DE CONTROL (LIBRO) | |
| fixed length control field | 100624s1996||||mx a f |||| 001 0 spa d |
| 020 ## - INTERNATIONAL STANDARD BOOK NUMBER | |
| ISBN | 9684267207 |
| 041 ## - CODIGO DE IDIOMA | |
| Código de idioma del texto/pista de sonido o título separado | spa |
| 092 ## - SIGNATURA TOPOGRAFICA DEWEY LOCAL | |
| número de clasificación | 612 |
| libristica | 28 |
| sección | GAN |
| 100 1# - ENTRADA PRINCIPAL--NOMBRE PERSONAL | |
| Nombre personal | Ganong, William F. |
| 9 (RLIN) | 1167 |
| 245 ## - TITULO PROPIAMENTE DICHO | |
| Título | Fisiología médica / |
| Mención de responsabilidad y remanente de la transcripción de la portada | William F. Ganong. |
| 250 ## - MENCION DE EDICION | |
| Mención de edición | 15a ed. de la 17a ed. en inglés |
| Mención de responsabilidad relacionada con la ed. | Traducción C. Eduardo Cazacuberta Zaffaroni y Jorge Mérigo Jane |
| 260 ## - PIE DE IMPRENTA | |
| Lugar de publicación, distribución, etc | México: |
| Nombre de la editorial, distribuidor, etc | Manual Moderno; |
| Fecha de publicación | 1996. |
| 300 ## - DESCRIPCION FISICA | |
| Extension | 962 p. |
| Otros detalles físicos | il. |
| 500 ## - NOTA GENERAL | |
| Nota general | Ganong, W. F. (1996). Fisiología médica. (15a ed.). México : Manual Moderno. |
| 653 ## - TÉRMINO INDIZADO - PALABRAS CLAVES | |
| Palabra clave | Fisiología de las células nerviosas y musculares |
| 653 ## - TÉRMINO INDIZADO - PALABRAS CLAVES | |
| Palabra clave | Funciones del sistema nervioso |
| 653 ## - TÉRMINO INDIZADO - PALABRAS CLAVES | |
| Palabra clave | Endocrinología, metabolismo y función reproductora |
| 653 ## - TÉRMINO INDIZADO - PALABRAS CLAVES | |
| Palabra clave | Función gastrointestinal |
| 653 ## - TÉRMINO INDIZADO - PALABRAS CLAVES | |
| Palabra clave | Circulación |
| 653 ## - TÉRMINO INDIZADO - PALABRAS CLAVES | |
| Palabra clave | Respiración |
| 653 ## - TÉRMINO INDIZADO - PALABRAS CLAVES | |
| Palabra clave | Formación y excreción de orina |
| 930 ## - NUMERO DE INVENTARIO | |
| Número de inventario | 241 |
| 930 ## - NUMERO DE INVENTARIO | |
| Número de inventario | 242 |
| 930 ## - NUMERO DE INVENTARIO | |
| Número de inventario | 243 |
| 942 ## - ADDED ENTRY ELEMENTS (KOHA) | |
| Source of classification or shelving scheme | Dewey Decimal Classification |
| Item type | Libros |
| Estado de retiro | Existencia | Fuente de clasificación | Estado general | Uso restringido | No para prestamo | Ubicación permanente | ubicación actual | Sala de ubicación | Fecha de adquisición | Total Checkouts | Número de clasificación | Código de barras | Date last seen | Número de ejemplar | Price effective from | Koha tipo de elemento (item) | Public note | Coded location qualifier | Colección |
|---|---|---|---|---|---|---|---|---|---|---|---|---|---|---|---|---|---|---|---|
| Dewey Decimal Classification | Restricted Access | Not For Loan | Biblioteca Medicina | Biblioteca Medicina | Circulación | 13/05/2011 | 612 28 GAN | 241 | 06/11/2014 | ej.2 | 13/05/2011 | Libros | Baja 2017 (Caja 13) | ||||||
| Dewey Decimal Classification | Restricted Access | Not For Loan | Biblioteca Medicina | Biblioteca Medicina | Circulación | 13/05/2011 | 612 28 GAN | 242 | 21/02/2022 | ej.3 | 07/09/2011 | Libros | Baja 2017 (Caja 13) | ||||||
| Dewey Decimal Classification | Restricted Access | Not For Loan | Biblioteca Medicina | Biblioteca Medicina | Referencia | 13/05/2011 | 612 28 GAN | 243 | 06/11/2014 | ej.4 | 13/05/2011 | Reference | Baja 2017. LIBRO DE CONSULTA. (Caja 13) | Reference |